000 01038cam a22002054a 4500
005 20250605164213.0
008 250528s ||||||||||||||||||||||||d
035 _a20371
020 _a75064110
040 _aGR-AtMCL
_bgre
_dGR-AtMCL
_eAACR2
245 1 _aHigher Engineering Mathematics / Third Edition
250 _a3rd
260 _bNewnes,
_c1999
300 _a644
520 _aJohn Bird's approach, based on numerous worked examples supported by problems, is ideal for students from a wide range of academic backgrounds, and can be worked though at the student's own pace. Preface, Analytical Methods for Engineers, Algebraic Methods, Trigonometric Methods, Calculus, Statistics and Probability, Further Analytical Methods for Engineers, Number Systems, Graphical and Numerical Methods, Vector Geometry and Matrix Methods, Ordinary Differential Equations, Engineering Mathematics, Laplace Transforms, Fourier Series, Assignment, Index.
700 1 _aBird J.O.
_95984
942 _cBK
999 _c5488
_d5488